000 00596 a2200157 4500
020 _a8176351717
082 _a005.75/65
090 _c6854
_d6854
100 1 _aBaird, Willard.
245 1 0 _aOCP training guide :
_bOracle DBA /
_cby William Baird.
260 _aCarmel, Ind. :
_bNew Riders,
_c1999.
300 _a521 p. :
_bill. +
538 _aSystem requirements : 486/66 or higher, Pentium recommended ; Windows 95 or Windows NT 4 (or later) ; 16MB RAM ; 1MB hard disk space ; CD-ROM drive ; 256 color VGA/Super VGA video adapter.
650 0 _aRelational databases.
942 _cBK
_k005.75/65 BAI
999 _c10677
_d10677